[Event "Satka Autumn op (Women)"]
[Site "Satka"]
[Date "2020.10.28"]
[Round "8"]
[White "Dubnikova, Anastasia"]
[Black "Protopopova, Anastasiya"]
[Result "0-1"]
[WhiteElo "2148"]
[BlackElo "2210"]
[PlyCount "150"]
[EventDate "2020.10.21"]
[EventType "swiss"]
[EventRounds "9"]
[EventCountry "RUS"]
[SourceTitle "CBM 199 Extra"]
[Source "ChessBase"]
[SourceDate "2021.01.31"]
[SourceVersion "1"]
[SourceVersionDate "2021.01.31"]
[SourceQuality "1"]

1. d4 Nf6 2. Nf3 b6 3. Bf4 Bb7 4. e3 g6 5. Nbd2 Bg7 6. Bd3 d6 7. h3 0-0 8. Qe2 a5 9. 0-0 Nbd7 10. Bh2 Re8 11. e4 e5 12. dxe5 dxe5 13. Bc4 Nh5 14. Rfe1 Qe7 15. c3 Nc5 16. Bd5 c6 17. Bb3 Ba6 18. Qe3 Rad8 19. Bc4 b5 20. Bf1 Qf8 21. Nb3 Na4 22. Qc1 Nf4 23. Nxa5 Qc5 24. Nb3 Qb6 25. Bxf4 exf4 26. Qxf4 Nxb2 27. e5 Bc8 28. Ng5 Qc7 29. Nd4 f6 30. Qc1 fxg5 31. Qxb2 Bxe5 32. Qb3+ Kg7 33. a4 b4 34. Rxe5 Rxe5 35. Nf3 Red5 36. cxb4 g4 37. hxg4 Bxg4 38. Qc3+ Kh6 39. Nh2 Bc8 40. b5 Rd1 41. Rxd1 Rxd1 42. Qe3+ Kg7 43. b6 Qd6 44. a5 Ba6 45. g3 c5 46. Kg2 Qd5+ 47. Qf3 Qxf3+ 48. Kxf3 Bb7+ 49. Kf4 Ra1 50. Ke5 Rxa5 51. Kd6 h5 52. Be2 Ra2 53. Bf3 Ba6 54. Bd5 Rxf2 55. Nf3 c4 56. Nd4 c3 57. Be4 g5 58. Ne6+ Kh6 59. Nc5 Bc8 60. Kc7 c2 61. Nb3 Ba6 62. Kb8 Bc4 63. Nc1 Rf1 64. Kc7 Ba6 65. Nb3 c1Q+ 66. Nxc1 Rxc1+ 67. Kb8 h4 68. gxh4 gxh4 69. Ka7 Ra1 70. Ba8 h3 71. Kb8 h2 72. Ka7 Bc8+ 73. Kb8 Rxa8+ 74. Kxa8 h1Q+ 75. Kb8 Qb7# 0-1

[Event "Satka Autumn op (Women)"]
[Site "Satka"]
[Date "2020.10.22"]
[Round "2"]
[White "Dubnikova, Anastasia"]
[Black "Kovanova, Baira"]
[Result "0-1"]
[WhiteElo "2148"]
[BlackElo "2324"]
[PlyCount "98"]
[EventDate "2020.10.21"]
[EventType "swiss"]
[EventRounds "9"]
[EventCountry "RUS"]
[SourceTitle "CBM 199 Extra"]
[Source "ChessBase"]
[SourceDate "2021.01.31"]
[SourceVersion "1"]
[SourceVersionDate "2021.01.31"]
[SourceQuality "1"]

1. Nf3 Nf6 2. d4 e6 3. Bf4 c5 4. e3 Nc6 5. Nbd2 Be7 6. c3 0-0 7. Bd3 b6 8. Qe2 d6 9. e4 cxd4 10. Nxd4 Bb7 11. Nxc6 Bxc6 12. Bb5 Bb7 13. Ba6 Bxa6 14. Qxa6 e5 15. Bg3 d5 16. 0-0 dxe4 17. Nc4 Qd5 18. Rad1 Qe6 19. Nxe5 Nh5 20. Qb5 Nxg3 21. hxg3 e3 22. Rfe1 exf2+ 23. Kxf2 Qf5+ 24. Kg1 Bc5+ 25. Rd4 Bxd4+ 26. cxd4 Rad8 27. Qa4 Qg5 28. Qxa7 Qxg3 29. Nf3 Qd6 30. Qe7 Qc6 31. Qg5 h6 32. Qf4 Qd5 33. a3 Rfe8 34. Rxe8+ Rxe8 35. Qc7 Re6 36. Qc8+ Kh7 37. Qc2+ g6 38. Qd2 g5 39. Qc2+ Kg7 40. Qc3 Re4 41. Kf2 h5 42. a4 g4 43. Ne5 Qxd4+ 44. Qxd4 Rxd4 45. b3 Rb4 46. Kg3 Rxb3+ 47. Kh4 f6 48. Nc6 Ra3 49. a5 bxa5 0-1

[Event "Speed Chess (Women) Q1"]
[Site "Chess.com INT"]
[Date "2020.06.18"]
[Round "6"]
[White "Vidruska, Renate"]
[Black "Dubnikova, Anastasia"]
[Result "0-1"]
[WhiteElo "2045"]
[BlackElo "2148"]
[PlyCount "90"]
[EventDate "2020.06.18"]
[EventType "swiss (blitz)"]
[EventRounds "9"]
[EventCountry "USA"]
[SourceTitle "CBM 196 Extra"]
[Source "ChessBase"]
[SourceDate "2020.07.31"]
[SourceVersion "1"]
[SourceVersionDate "2020.07.31"]
[SourceQuality "1"]

1. e4 Nf6 2. e5 Nd5 3. Nc3 Nxc3 4. bxc3 d6 5. f4 c5 6. d4 e6 7. Nf3 Nc6 8. Bd3 Be7 9. 0-0 b6 10. Be3 Bb7 11. Rb1 g6 12. exd6 Bxd6 13. dxc5 Bc7 14. cxb6 axb6 15. Nd4 Nxd4 16. Bxd4 0-0 17. f5 exf5 18. Qd2 Qh4 19. g3 Qh3 20. Qf2 Rxa2 21. Rfe1 Bc6 22. Bf1 Qg4 23. Be2 Qe4 24. Bf3 Qxf3 25. Qxf3 Bxf3 26. Re7 Bd6 27. Rd7 Bc5 28. Kf2 Bxd4+ 29. cxd4 Be4 30. Rxb6 Rxc2+ 31. Ke3 Rxh2 32. Kf4 Rf2+ 33. Ke5 Re2 34. Kd6 Bf3 35. d5 Rd2 36. Kc6 Re8 37. Rb5 Bxd5+ 38. Rdxd5 Rxd5 39. Rxd5 Re3 40. Rd8+ Kg7 41. Kc7 Rxg3 42. Rd7 Re3 43. Kd8 Kf6 44. Rd4 Re6 45. Rh4 h5 0-1

[Event "RUS-ch rapid (Women)"]
[Site "Sochi"]
[Date "2019.10.15"]
[Round "1"]
[White "Pogonina, Natalija"]
[Black "Dubnikova, Anastasia"]
[Result "1-0"]
[WhiteElo "2501"]
[BlackElo "1950"]
[PlyCount "133"]
[EventDate "2019.10.15"]
[EventType "swiss"]
[EventRounds "11"]
[EventCountry "RUS"]
[SourceTitle "CBM 192 Extra"]
[Source "Chessbase"]
[SourceDate "2019.11.06"]
[SourceVersion "1"]
[SourceVersionDate "2019.11.06"]
[SourceQuality "1"]

1. d4 d5 2. g3 Nf6 3. Bg2 e6 4. c4 Be7 5. Nf3 0-0 6. 0-0 Nbd7 7. Qc2 c6 8. Nbd2 b6 9. e4 dxc4 10. Nxc4 Bb7 11. Ne3 c5 12. d5 exd5 13. exd5 Nxd5 14. Nxd5 Bxd5 15. Rd1 Be6 16. Ne5 Nxe5 17. Rxd8 Raxd8 18. Be4 h6 19. Bf4 Bf6 20. Re1 Kh8 21. b3 Rfe8 22. Bxe5 Bxe5 23. Bc6 Bd7 24. Bxd7 Rxd7 25. Qc4 Kg8 26. Kg2 Rde7 27. Qa4 Kf8 28. Qc6 Re6 29. Qd5 g6 30. Kf1 Bd4 31. Rxe6 Rxe6 32. Qa8+ Kg7 33. Qxa7 Rf6 34. f4 g5 35. Ke1 gxf4 36. gxf4 b5 37. a4 bxa4 38. bxa4 Rxf4 39. a5 c4 40. Qc7 Re4+ 41. Kd1 c3 42. a6 Be5 43. Qc6 Rd4+ 44. Ke2 Rd2+ 45. Kf3 Ra2 46. Qd5 Rxa6 47. Qxe5+ Rf6+ 48. Kg4 Kg6 49. Qxc3 Re6 50. Qd3+ Kg7 51. h4 Rg6+ 52. Kf5 Rf6+ 53. Ke5 Re6+ 54. Kd5 Rg6 55. Qd4+ Kg8 56. Qf4 Kg7 57. Qf3 Rf6 58. Qg4+ Rg6 59. Qd1 Kf6 60. h5 Rg5+ 61. Kd6 Rf5 62. Qg4 Rg5 63. Qf4+ Kg7 64. Ke7 f6 65. Qxf6+ Kh7 66. Kf7 Rg8 67. Qg6+ 1-0

[Event "Satka Autumn op (Women)"]
[Site "Satka"]
[Date "2019.09.27"]
[Round "9"]
[White "Borisova, Ekaterina"]
[Black "Dubnikova, Anastasia"]
[Result "1-0"]
[WhiteElo "2307"]
[BlackElo "2056"]
[PlyCount "63"]
[EventDate "2019.09.19"]
[EventType "swiss"]
[EventRounds "9"]
[EventCountry "RUS"]
[SourceTitle "EXT 2020"]
[Source "ChessBase"]
[SourceDate "2019.10.17"]
[SourceVersion "1"]
[SourceVersionDate "2019.10.17"]
[SourceQuality "1"]

1. d4 Nf6 2. g3 e6 3. Bg2 d5 4. Nf3 b5 5. a4 b4 6. 0-0 Bb7 7. c4 Be7 8. c5 a5 9. Ne5 Nc6 10. Bf4 0-0 11. Nxc6 Bxc6 12. Nd2 Ra7 13. Nf3 Nd7 14. Ne5 Nxe5 15. dxe5 Qd7 16. Qd4 b3 17. Bd2 f6 18. Bh3 fxe5 19. Qxe5 Rf6 20. Rad1 Bxc5 21. e4 Qf7 22. Rc1 Bd6 23. Qd4 Ra6 24. e5 Qh5 25. exd6 Qxh3 26. dxc7 e5 27. Qxe5 Ra8 28. Rfe1 Raf8 29. Rxc6 Rxf2 30. Qe6+ Qxe6 31. Rexe6 Rxd2 32. c8Q 1-0

[Event "Satka Autumn op (Women)"]
[Site "Satka"]
[Date "2019.09.24"]
[Round "6"]
[White "Dubnikova, Anastasia"]
[Black "Prudnikova, Svetlana"]
[Result "1-0"]
[WhiteElo "2056"]
[BlackElo "2234"]
[PlyCount "115"]
[EventDate "2019.09.19"]
[EventType "swiss"]
[EventRounds "9"]
[EventCountry "RUS"]
[SourceTitle "EXT 2020"]
[Source "ChessBase"]
[SourceDate "2019.10.17"]
[SourceVersion "1"]
[SourceVersionDate "2019.10.17"]
[SourceQuality "1"]

1. d4 Nf6 2. c4 e6 3. Nc3 Bb4 4. e3 0-0 5. Bd3 c5 6. Nf3 Nc6 7. 0-0 Bxc3 8. bxc3 d6 9. Nd2 e5 10. Nb3 b6 11. Bc2 Ba6 12. d5 Ne7 13. Nd2 Bc8 14. a4 a5 15. f3 h6 16. Rb1 Rb8 17. Kh1 Nh7 18. f4 exf4 19. exf4 Bf5 20. Ne4 Qd7 21. h3 Kh8 22. g4 Bxe4+ 23. Bxe4 f5 24. Bd3 g6 25. Rb2 Rf7 26. Rg2 Rg8 27. g5 h5 28. Re1 Nf8 29. Rge2 Rh7 30. Qb3 Nc8 31. Re8 Rhg7 32. Qb5 Qxb5 33. cxb5 Nd7 34. R8e2 Rf7 35. c4 Kh7 36. Bb2 Rd8 37. Kg2 Rg8 38. Kg3 Rd8 39. Kh4 Rg8 40. Bc3 Rd8 41. Re6 Rdf8 42. Bc2 Rg8 43. Bd1 Nf8 44. R6e3 Nd7 45. Re6 Nf8 46. Re8 Nd7 47. Bxh5 Rxe8 48. Rxe8 Rf8 49. Bxg6+ Kxg6 50. Re6+ Kf7 51. g6+ Kg8 52. Kg5 Rd8 53. h4 Nf8 54. Re2 Rd7 55. Re8 Re7 56. Rxc8 Re3 57. g7 Rg3+ 58. Kxf5 1-0